| 000 | 00908nam a22003017a 4500 | ||
|---|---|---|---|
| 003 | CHAP | ||
| 005 | 20220329134432.0 | ||
| 008 | 971013s1981 r 00010 d | ||
| 010 | _a20475 | ||
| 011 | _a21447 | ||
| 035 | _a25537 | ||
| 040 | _cCHAP | ||
| 082 |
_a510 _bA7Y 1970 |
||
| 100 | 0 | 0 |
_aArfken, George. _96976 |
| 245 | _aMétodos matemáticos para físicos | ||
| 260 |
_aMéxico, D.F., : _bDiana, _c1981 |
||
| 300 |
_a935 p. _b; gráfs |
||
| 500 | _aTrad. de la 2ed. en inglés de 1970 | ||
| 590 |
_aBATCH-UPD _b10 _c20130110 _lUCH01 _h1018 |
||
| 590 |
_aBATCH-UPD _b10 _c20130410 _lUCH01 _h0624 |
||
| 590 |
_aBATCH-UPD _b10 _c20130914 _lUCH01 _h0438 |
||
| 590 |
_aCONVERSION _b10 _c20130109 _lUCH01 _h1312 |
||
| 650 | 1 | 4 |
_aFísica matemática. _941998 |
| 650 | 1 | 4 |
_aMatemáticas. _972901 |
| 901 | _aBK | ||
| 942 | _cLIBRO | ||
| 949 |
_a510 A7Y 1970 _bBC _cLIBRO _d33724000137741 _eLIBRO _h60012 _i25537 _si |
||
| 999 |
_c20475 _d20475 |
||